| 000 | 00835nam a2200229 i 4500 | ||
|---|---|---|---|
| 001 | 190789 | ||
| 003 | ES-MaACL | ||
| 005 | 20250507063023.0 | ||
| 008 | 220711s2018 sp 001 p spa | ||
| 080 | _a821.134.2-14"19" | ||
| 100 | 1 |
_aVilla Gil, Luis Enrique de la, _d1935- _9114883 |
|
| 245 | 1 | 0 |
_aPoemas en eneasílabos : _bla inspiración de los 400 / _cLuis Enrique de la Villa Gil. |
| 250 | _a1ª ed. | ||
| 260 |
_a[Madrid? : _bL.E. de la Villa], _c2018 ( _fCampillo Nevado) |
||
| 300 |
_a426 p. ; _c24 cm. |
||
| 490 | 1 | _aEl espolón encendido | |
| 830 | 1 |
_aEl espolón encendido _9193514 |
|
| 852 | 4 |
_aES-MaACL _jA-15011 _9197972 _bR.152704 _cDEPO1 _dOlim: N-8011 _hDonación: Luis Enrique de la Villa Gil |
|
| 903 |
_aVilla Gil, Luis Enrique de la, _d1935- _ednr _9114883 |
||
| 942 | _2udc | ||
| 999 |
_c190789 _d190789 |
||